Capitals of Africa by coordinates - Statistics

General Stats
  • This quiz has been taken 4 times
  • The average score is 23 of 54
Answer Stats
Latitude Longitude Capital % Correct
4.36°N 18.59°E Bangui
100%
11.86°N 15.59°W Bissau
100%
14.70°N 17.44°W Dakar
100%
15.55°N 32.53°E Khartoum
100%
22.57°S 17.08°E Windhoek
100%
9.06°N 7.49°E Abuja
50%
5.54°N 0.21°W Accra
50%
9.01°N 38.76°E Addis Ababa
50%
36.78°N 3.06°E Algiers
50%
18.92°S 47.52°E Antananarivo
50%
12.65°N 7.99°W Bamako
50%
4.28°S 15.27°E Brazzaville
50%
30.06°N 31.23°E Cairo
50%
33.60°S/25.75°S/29.10°S 18.30°E/28.19°E/26.10°E Cape Town/Pretoria/Blomfontein
50%
9.54°N 13.68°W Conakry
50%
6.17°S 35.75°E Dodoma
50%
24.66°S 25.91°E Gaborone
50%
4.85°N 31.60°E Juba
50%
1.94°S 30.06°E Kigali
50%
4.34°S 15.33°E Kinshasa
50%
0.39°N 9.45°E Libreville
50%
13.99°S 33.77°E Lilongwe
50%
6.12°N 1.23°E Lomé
50%
8.82°S 13.23°E Luanda
50%
15.41°S 28.28°E Lusaka
50%
3.75°N 8.77°E Malabo
50%
29.30°S 27.49°E Maseru
50%
26.32°S 31.14°E Mbabane
50%
2.04°N 45.34°E Mogadishu
50%
6.31°N 10.80°W Monrovia
50%
12.11°N 15.04°E N'Djamena
50%
13.52°N 2.12°E Niamey
50%
18.07°N 15.99°W Nouakchott
50%
12.36°N 1.54°W Ouagadougou
50%
6.48°N/6.20°N 2.63°E/2.30°E Porto-Novo/Cotonou
50%
14.92°N 23.52°W Praia
50%
33.99°N 6.87°W Rabat
50%
32.88°N 13.20°E Tripoli
50%
36.81°N 10.18°E Tunis
50%
6.81°N 5.27°W Yamoussoukro
50%
15.33°N 38.92°E Asmara
0%
13.44°N 16.68°W Banjul
0%
11.58°N 43.14°E Djibouti
0%
8.47°N 13.27°W Freetown
0%
3.30°S 29.60°E Gitega
0%
17.82°S 31.05°E Harare
0%
0.31°N 32.57°E Kampala
0%
25.97°S 32.58°E Maputo
0%
11.70°S 43.24°E Moroni
0%
1.28°S 36.80°E Nairobi
0%
20.17°S 57.49°E Port Louis
0%
0.34°N 6.73°E São Tomé
0%
4.62°S 55.45°E Victoria
0%
3.86°N 11.52°E Yaundé
0%
No matching quizzes found
Score Distribution
Percent of People with Each Score
Percentile by Number Answered
Your Score History
You have not taken this quiz